MARC details
| 000 -LEADER |
| fixed length control field |
02295nam a2200325 a 4500 |
| 008 - FIXED-LENGTH DATA ELEMENTS--GENERAL INFORMATION |
| fixed length control field |
081009s1996 ||||||||||||||||| || u |
| 020 ## - INTERNATIONAL STANDARD BOOK NUMBER |
| International Standard Book Number |
8120311493 |
| 050 ## - LIBRARY OF CONGRESS CALL NUMBER |
| Classification number |
HF 5415.129 Ste |
| 100 ## - MAIN ENTRY--PERSONAL NAME |
| Personal name |
Coughlan, Anne T |
| 245 10 - TITLE STATEMENT |
| Title |
Marketing channels. -- 5th ed. |
| Statement of responsibility, etc. |
Louis W. Stern; Adel I. El-Ansary; Anne T. Coughlan |
| 250 ## - EDITION STATEMENT |
| Edition statement |
5th ed. |
| 260 ## - PUBLICATION, DISTRIBUTION, ETC. |
| Place of publication, distribution, etc. |
New Delhi |
| Name of publisher, distributor, etc. |
FT Prentice-Hall |
| Date of publication, distribution, etc. |
1996 |
| 300 ## - PHYSICAL DESCRIPTION |
| Extent |
xiv, 576p. : ill. |
| 350 ## - |
| -- |
0.00 |
| 500 ## - GENERAL NOTE |
| General note |
SB LIBRARY HAS 37 COPIES |
| 650 ## - SUBJECT ADDED ENTRY--TOPICAL TERM |
| Topical term or geographic name entry element |
Marketing channels |
| 650 #0 - SUBJECT ADDED ENTRY--TOPICAL TERM |
| Topical term or geographic name entry element |
MARKETING--MANAGEMENT--CASE STUDIES |
| 700 ## - ADDED ENTRY--PERSONAL NAME |
| Personal name |
Stern, Louis W |
| 700 ## - ADDED ENTRY--PERSONAL NAME |
| Personal name |
El-Ansary, Adel I |
| 995 ## - |
| -- |
ANNEX COLLECTION (Main Library) |
| -- |
0.00 |
| -- |
738630 |
| -- |
CBU-MAIN LIBRARY (Kitwe) |
| -- |
1 |
| -- |
0.00 |
| -- |
HF 5415.129 Ste |
| -- |
4 |
| -- |
AVAILABLE |
| -- |
Oct 9, 2008 |
| -- |
738630 |
| -- |
Annex Low-Usage Collection |
| 995 ## - |
| -- |
TEXTBOOKS (SB) |
| -- |
0.00 |
| -- |
1848 |
| -- |
CBU-SCHOOL TEXTBOOK COLLECTIONS |
| -- |
1 |
| -- |
0.00 |
| -- |
SCHOOL TEXTBOOK |
| -- |
10 |
| -- |
AVAILABLE |
| -- |
Sep 23, 2009 |
| -- |
1848 |
| -- |
School Collections |
| 995 ## - |
| -- |
TEXTBOOKS (SB) |
| -- |
0.00 |
| -- |
1845 |
| -- |
CBU-SCHOOL TEXTBOOK COLLECTIONS |
| -- |
1 |
| -- |
0.00 |
| -- |
SCHOOL TEXTBOOK |
| -- |
7 |
| -- |
AVAILABLE |
| -- |
Sep 23, 2009 |
| -- |
1845 |
| -- |
School Collections |
| 995 ## - |
| -- |
ANNEX COLLECTION (Main Library) |
| -- |
0.00 |
| -- |
738627 |
| -- |
CBU-MAIN LIBRARY (Kitwe) |
| -- |
1 |
| -- |
0.00 |
| -- |
HF 5415.129 Ste |
| -- |
1 |
| -- |
AVAILABLE |
| -- |
Oct 9, 2008 |
| -- |
738627 |
| -- |
Annex Low-Usage Collection |
| 995 ## - |
| -- |
ANNEX COLLECTION (Main Library) |
| -- |
0.00 |
| -- |
738631 |
| -- |
CBU-MAIN LIBRARY (Kitwe) |
| -- |
1 |
| -- |
0.00 |
| -- |
HF 5415.129 Ste |
| -- |
5 |
| -- |
AVAILABLE |
| -- |
Oct 9, 2008 |
| -- |
738631 |
| -- |
Annex Low-Usage Collection |
| 995 ## - |
| -- |
TEXTBOOKS (SB) |
| -- |
0.00 |
| -- |
1847 |
| -- |
CBU-SCHOOL TEXTBOOK COLLECTIONS |
| -- |
1 |
| -- |
0.00 |
| -- |
SCHOOL TEXTBOOK |
| -- |
9 |
| -- |
AVAILABLE |
| -- |
Sep 23, 2009 |
| -- |
1847 |
| -- |
School Collections |
| 995 ## - |
| -- |
TEXTBOOKS (SB) |
| -- |
0.00 |
| -- |
1844 |
| -- |
CBU-SCHOOL TEXTBOOK COLLECTIONS |
| -- |
1 |
| -- |
0.00 |
| -- |
SCHOOL TEXTBOOK |
| -- |
6 |
| -- |
AVAILABLE |
| -- |
Sep 23, 2009 |
| -- |
1844 |
| -- |
School Collections |
| 995 ## - |
| -- |
TEXTBOOKS (SB) |
| -- |
0.00 |
| -- |
1846 |
| -- |
CBU-SCHOOL TEXTBOOK COLLECTIONS |
| -- |
1 |
| -- |
0.00 |
| -- |
SCHOOL TEXTBOOK |
| -- |
8 |
| -- |
AVAILABLE |
| -- |
Sep 23, 2009 |
| -- |
1846 |
| -- |
School Collections |
| 995 ## - |
| -- |
MAIN LIBRARY OPEN ACCESS |
| -- |
0.00 |
| -- |
738629 |
| -- |
CBU-MAIN LIBRARY (Kitwe) |
| -- |
1 |
| -- |
0.00 |
| -- |
HF 5415.129 Ste |
| -- |
3 |
| -- |
AVAILABLE |
| -- |
Oct 9, 2008 |
| -- |
738629 |
| -- |
Main Library Open Access Collection |
| 995 ## - |
| -- |
MAIN LIBRARY OPEN ACCESS |
| -- |
0.00 |
| -- |
738628 |
| -- |
CBU-MAIN LIBRARY (Kitwe) |
| -- |
1 |
| -- |
0.00 |
| -- |
HF 5415.129 Ste |
| -- |
2 |
| -- |
AVAILABLE |
| -- |
Oct 9, 2008 |
| -- |
738628 |
| -- |
Main Library Open Access Collection |
| 999 ## - |
| -- |
82630 |
| -- |
82630 |